La Liga 2025-2026 - Stemmi - Statistics

Statistiche generali
  • Questo quiz è stato fatto 58 volte
  • Il punteggio medio è 17 su 20
Statistiche sulle risposte
con Immagini Risposta % Corretto
Athletic Bilbao
96%
Atlético Madrid
96%
Barcellona
96%
Betis Siviglia
96%
Real Madrid
96%
Valencia
96%
Real Sociedad
94%
Celta Vigo
91%
Villarreal
91%
Osasuna
89%
Rayo Vallecano
89%
Siviglia
89%
Espanyol
87%
Levante
87%
Maiorca
85%
Alavés
77%
Getafe
77%
Girona
75%
Elche
64%
Real Oviedo
55%
Nessun quiz corrispondente trovato
Distribuzione punteggi
Percentuale di utenti per punteggio
Percentile per numero di risposta
I tuoi punteggi nel tempo
Non hai fatto questo quiz